E-governance in local governments of Kerala: analysing institutional issues (Record no. 1550)
[ view plain ]
| 000 -LEADER | |
|---|---|
| fixed length control field | 00408nam a2200121Ia 4500 |
| 008 - FIXED-LENGTH DATA ELEMENTS--GENERAL INFORMATION | |
| fixed length control field | 130318s9999 xx 000 0 und d |
| 082 ## - DEWEY DECIMAL CLASSIFICATION NUMBER | |
| Classification number | 351 RES/E |
| 100 ## - MAIN ENTRY--PERSONAL NAME | |
| Personal name | Research Unit on Local Self Governments, CDS |
| 245 ## - TITLE STATEMENT | |
| Title | E-governance in local governments of Kerala: analysing institutional issues |
| 260 ## - PUBLICATION, DISTRIBUTION, ETC. | |
| Name of publisher, distributor, etc. | Centre for Developmental Studies |
| Place of publication, distribution, etc. | Thiruvananthapuram |
| Date of publication, distribution, etc. | 2010 |
| 300 ## - PHYSICAL DESCRIPTION | |
| Extent | 64 |
| 650 ## - SUBJECT ADDED ENTRY--TOPICAL TERM | |
| Topical term or geographic name entry element | E-GOVERNANCE |
| Withdrawn status | Lost status | Damaged status | Not for loan | Collection code | Home library | Current library | Shelving location | Date acquired | Total Checkouts | Full call number | Barcode | Date last seen | Date last checked out | Price effective from | Koha item type |
|---|---|---|---|---|---|---|---|---|---|---|---|---|---|---|---|
| E-Governance | Kerala University of Digital Sciences, Innovation and Technology Knowledge Centre | Kerala University of Digital Sciences, Innovation and Technology Knowledge Centre | Economics | 18/03/2013 | 2 | 351 RES/E | 1557 | 30/03/2022 | 14/03/2022 | 18/03/2013 | Books |